| 000 | 01666nam a2200385Ia 4500 | ||
|---|---|---|---|
| 001 | ebr10748446 | ||
| 003 | CaPaEBR | ||
| 006 | m o u | ||
| 007 | cr cn||||||||| | ||
| 008 | 130403s2013 pau sb 001 0 eng d | ||
| 010 | _z 2013013688 | ||
| 020 | _z9780812208412 (ebook) | ||
| 020 | _z9780812245301 (hardcover : alk. paper) | ||
| 040 |
_aCaPaEBR _cCaPaEBR |
||
| 035 | _a(OCoLC)859160548 | ||
| 050 | 1 | 4 |
_aJQ1850.A58 _bR36 2013eb |
| 082 | 0 | 4 |
_a909/.097492708312 _223 |
| 100 | 1 |
_aRand, Dafna Hochman, _d1977- |
|
| 245 | 1 | 0 |
_aRoots of the Arab Spring _h[electronic resource] : _bcontested authority and political change in the Middle East / _cDafna Hochman Rand. |
| 250 | _a1st ed. | ||
| 260 |
_aPhiladelphia : _bUniversity of Pennsylvania Press, _cc2013. |
||
| 300 | _axi, 171 p. | ||
| 504 | _aIncludes bibliographical references and index. | ||
| 533 |
_aElectronic reproduction. _bPalo Alto, Calif. : _cebrary, _d2013. _nAvailable via World Wide Web. _nAccess may be limited to ebrary affiliated libraries. |
||
| 650 | 0 | _aArab Spring, 2010- | |
| 650 | 0 |
_aAuthoritarianism _zArab countries _y21st century. |
|
| 650 | 0 |
_aAuthoritarianism _zArab countries _y20th century. |
|
| 650 | 0 |
_aProtest movements _zArab countries _y20th century. |
|
| 650 | 0 |
_aProtest movements _zArab countries _y21st century. |
|
| 651 | 0 |
_aArab countries _xPolitics and government _y20th century. |
|
| 651 | 0 |
_aArab countries _xPolitics and government _y21st century. |
|
| 655 | 7 |
_aElectronic books. _2local |
|
| 710 | 2 | _aebrary, Inc. | |
| 856 | 4 | 0 |
_uhttp://site.ebrary.com/lib/rucke/Doc?id=10748446 _zAn electronic book accessible through the World Wide Web; click to view |
| 999 |
_c113252 _d113252 |
||